Applied numerical analysis / (Record no. 218161)
[ view plain ]
| 000 -LEADER | |
|---|---|
| fixed length control field | 01009 a2200217 4500 |
| 003 - CONTROL NUMBER IDENTIFIER | |
| control field | Nust |
| 005 - DATE AND TIME OF LATEST TRANSACTION | |
| control field | 20221124121936.0 |
| 010 ## - LIBRARY OF CONGRESS CONTROL NUMBER | |
| LC control number | 2002043781 |
| 020 ## - INTERNATIONAL STANDARD BOOK NUMBER | |
| International Standard Book Number | 0321133048 |
| 040 ## - CATALOGING SOURCE | |
| Transcribing agency | Nust |
| 082 00 - DEWEY DECIMAL CLASSIFICATION NUMBER | |
| Classification number | 519.4,GER |
| 100 1# - MAIN ENTRY--PERSONAL NAME | |
| Personal name | Gerald, Curtis F., |
| 9 (RLIN) | 104 |
| 245 10 - TITLE STATEMENT | |
| Title | Applied numerical analysis / |
| Statement of responsibility, etc. | Curtis F. Gerald, Patrick O. Wheatley. |
| 250 ## - EDITION STATEMENT | |
| Edition statement | 7th ed. |
| 260 ## - PUBLICATION, DISTRIBUTION, ETC. | |
| Place of publication, distribution, etc. | Boston : |
| Name of publisher, distributor, etc. | Pearson/Addison-Wesley, |
| Date of publication, distribution, etc. | c2004. |
| 300 ## - PHYSICAL DESCRIPTION | |
| Extent | x, 609 p. : |
| Other physical details | ill. ; |
| Dimensions | 25 cm. |
| 505 ## - FORMATTED CONTENTS NOTE | |
| Formatted contents note | Preliminaries. (Page- 1), Solving Nonlinear Equations. (Page-32), Solving Sets of Equations. (Page-76), Interpolation and Curve Fitting (Page-147), Approximation of Functions (Page-220), Numerical Differentiation and Integration (Page-256), Numerical Solution of Ordinary Differential Equations (Page-329), Optimization. (Page-405), Partial Differential Equations (Page-461), Finite Element Analysis (Page-517). |
| 650 #0 - SUBJECT ADDED ENTRY--TOPICAL TERM | |
| Topical term or geographic name entry element | Numerical analysis. |
| 9 (RLIN) | 103 |
| 700 1# - ADDED ENTRY--PERSONAL NAME | |
| Personal name | Wheatley, Patrick O. |
| 9 (RLIN) | 103479 |
| 942 ## - ADDED ENTRY ELEMENTS (KOHA) | |
| Source of classification or shelving scheme | |
| Koha item type | Book |
| Call number prefix | 519.4,GER |
| Withdrawn status | Lost status | Source of classification or shelving scheme | Damaged status | Not for loan | Permanent Location | Current Location | Shelving location | Date acquired | Full call number | Barcode | Date last seen | Price effective from | Koha item type | Public note | Total Checkouts | Date last checked out |
|---|---|---|---|---|---|---|---|---|---|---|---|---|---|---|---|---|
| Military College of Signals (MCS) | Military College of Signals (MCS) | General Stacks | 12/12/2016 | 519.4,GER | MCS37401 | 12/08/2016 | 12/12/2016 | Book | Almirah No.72, Shelf No.1 | |||||||
| Military College of Signals (MCS) | Military College of Signals (MCS) | General Stacks | 12/12/2016 | 519.4,GER | MCS37402 | 11/13/2024 | 12/12/2016 | Book | Almirah No.14, Shelf No.4 | 3 | 09/25/2024 |
